| 000 | 00398cam a2200169ua 4500 | ||
|---|---|---|---|
| 020 | _c0.25 | ||
| 041 |
_ahin _h |
||
| 082 |
_a891.54 _bMYT/VI |
||
| 100 | _aMythili Sharan, Gupta. | ||
| 245 |
_aVikat bhatt / _cMythili Sharan Gupta. _hTextual Documents |
||
| 260 |
_a : _bSahithya Sadan , _c1964. |
||
| 300 | _a16 ; . | ||
| 365 | _a0.25 | ||
| 504 | _a | ||
| 942 | _cBK | ||
| 999 |
_c8103 _d8103 |
||